<?xml version="1.0" encoding="UTF-8"?>
<record
    xmlns:xsi="http://www.w3.org/2001/XMLSchema-instance"
    xsi:schemaLocation="http://www.loc.gov/MARC21/slim http://www.loc.gov/standards/marcxml/schema/MARC21slim.xsd"
    xmlns="http://www.loc.gov/MARC21/slim">

  <leader>01827nam a22002895a 4500</leader>
  <datafield tag="999" ind1=" " ind2=" ">
    <subfield code="c">22357</subfield>
    <subfield code="d">22329</subfield>
  </datafield>
  <controlfield tag="003">OSt</controlfield>
  <controlfield tag="005">20200304123436.0</controlfield>
  <controlfield tag="008">160918s2013    ua     frb    000 0 ara d</controlfield>
  <datafield tag="020" ind1=" " ind2=" ">
    <subfield code="a">9789770471821</subfield>
  </datafield>
  <datafield tag="040" ind1=" " ind2=" ">
    <subfield code="a">EG-ScBUE</subfield>
    <subfield code="b">ara</subfield>
    <subfield code="c">EG-ScBUE</subfield>
  </datafield>
  <datafield tag="043" ind1=" " ind2=" ">
    <subfield code="a">a-sy---</subfield>
  </datafield>
  <datafield tag="082" ind1="0" ind2="4">
    <subfield code="a">342.56910664</subfield>
    <subfield code="b">&#x631; &#x633; &#x644;</subfield>
    <subfield code="2">22</subfield>
  </datafield>
  <datafield tag="100" ind1="1" ind2=" ">
    <subfield code="a">&#x631;&#x633;&#x644;&#x627;&#x646;&#x60C; &#x632;&#x643;&#x631;&#x64A;&#x627; &#x645;&#x62D;&#x645;&#x648;&#x62F;.</subfield>
    <subfield code="9">41103</subfield>
  </datafield>
  <datafield tag="245" ind1="1" ind2="0">
    <subfield code="a">&#x625;&#x62C;&#x631;&#x627;&#x621;&#x627;&#x62A; &#x62F;&#x639;&#x648;&#x649; &#x627;&#x644;&#x625;&#x644;&#x63A;&#x627;&#x621; &#x623;&#x645;&#x627;&#x645; &#x645;&#x62C;&#x644;&#x633; &#x627;&#x644;&#x62F;&#x648;&#x644;&#x629; /</subfield>
    <subfield code="c">&#x632;&#x643;&#x631;&#x64A;&#x627; &#x645;&#x62D;&#x645;&#x648;&#x62F; &#x631;&#x633;&#x644;&#x627;&#x646; = Procedures of ancellation case in front of state council / Zakaria Mahmoud Raslan.</subfield>
    <subfield code="b"> </subfield>
  </datafield>
  <datafield tag="246" ind1="3" ind2="1">
    <subfield code="a">Procedures of ancellation case in front of state council</subfield>
  </datafield>
  <datafield tag="250" ind1=" " ind2=" ">
    <subfield code="a">&#x637;. 1.</subfield>
  </datafield>
  <datafield tag="260" ind1=" " ind2=" ">
    <subfield code="a">[&#x627;&#x644;&#x642;&#x627;&#x647;&#x631;&#x629;] :</subfield>
    <subfield code="b">&#x632;&#x643;&#x631;&#x64A;&#x627; &#x645;&#x62D;&#x645;&#x648;&#x62F; &#x631;&#x633;&#x644;&#x627;&#x646;&#x60C;</subfield>
    <subfield code="c">2013.</subfield>
  </datafield>
  <datafield tag="300" ind1=" " ind2=" ">
    <subfield code="a">634 &#x635;. &#x61B;</subfield>
    <subfield code="c">24 &#x633;&#x645;.</subfield>
  </datafield>
  <datafield tag="504" ind1=" " ind2=" ">
    <subfield code="a">&#x64A;&#x634;&#x62A;&#x645;&#x644; &#x639;&#x644;&#x649; &#x625;&#x631;&#x62C;&#x627;&#x639;&#x627;&#x62A; &#x628;&#x628;&#x644;&#x64A;&#x648;&#x62C;&#x631;&#x627;&#x641;&#x64A;&#x629;.</subfield>
  </datafield>
  <datafield tag="505" ind1="0" ind2=" ">
    <subfield code="a">1- &#x625;&#x62C;&#x631;&#x627;&#x621;&#x627;&#x62A; &#x631;&#x641;&#x639; &#x648;&#x62A;&#x62D;&#x636;&#x64A;&#x631; &#x62F;&#x639;&#x648;&#x649; &#x627;&#x644;&#x625;&#x644;&#x63A;&#x627;&#x621; - &#x627;&#x644;&#x622;&#x62B;&#x627;&#x631; &#x627;&#x644;&#x645;&#x62A;&#x631;&#x62A;&#x628;&#x629; &#x639;&#x644;&#x649; &#x631;&#x641;&#x639; &#x62F;&#x639;&#x648;&#x649; &#x627;&#x644;&#x625;&#x644;&#x63A;&#x627;&#x621; (&#x648;&#x642;&#x641; &#x62A;&#x646;&#x641;&#x64A;&#x630; &#x627;&#x644;&#x642;&#x631;&#x627;&#x631; &#x627;&#x644;&#x645;&#x637;&#x639;&#x648;&#x646; &#x641;&#x64A;&#x647;) -- 2- &#x625;&#x62C;&#x631;&#x627;&#x621;&#x627;&#x62A; &#x627;&#x644;&#x645;&#x631;&#x627;&#x641;&#x639;&#x629; &#x648;&#x627;&#x644;&#x62D;&#x643;&#x645; &#x641;&#x64A; &#x62F;&#x639;&#x648;&#x649; &#x627;&#x644;&#x625;&#x644;&#x63A;&#x627;&#x621; -- 3- &#x625;&#x62C;&#x631;&#x627;&#x621;&#x627;&#x62A; &#x627;&#x644;&#x645;&#x631;&#x627;&#x641;&#x639;&#x629; - &#x627;&#x644;&#x637;&#x644;&#x628;&#x627;&#x62A; - &#x627;&#x644;&#x62F;&#x641;&#x648;&#x639; - &#x627;&#x644;&#x625;&#x62B;&#x628;&#x627;&#x62A; - &#x627;&#x646;&#x62A;&#x647;&#x627;&#x621; &#x627;&#x644;&#x62E;&#x635;&#x648;&#x645;&#x629; -- &#x625;&#x62C;&#x631;&#x627;&#x621;&#x627;&#x62A; &#x627;&#x644;&#x62D;&#x643;&#x645; &#x641;&#x64A; &#x62F;&#x639;&#x648;&#x649; &#x627;&#x644;&#x625;&#x644;&#x63A;&#x627;&#x621; &#x648;&#x62A;&#x646;&#x641;&#x64A;&#x630; &#x627;&#x644;&#x62D;&#x643;&#x645; &#x627;&#x644;&#x635;&#x627;&#x62F;&#x631; - &#x638;&#x627;&#x647;&#x631;&#x629; &#x627;&#x645;&#x62A;&#x646;&#x627;&#x639; &#x627;&#x644;&#x625;&#x62F;&#x627;&#x631;&#x629; &#x639;&#x646; &#x62A;&#x646;&#x641;&#x64A;&#x630; &#x627;&#x644;&#x623;&#x62D;&#x643;&#x627;&#x645; &#x627;&#x644;&#x642;&#x636;&#x627;&#x626;&#x64A;&#x629; - &#x637;&#x631;&#x642; &#x625;&#x644;&#x632;&#x627;&#x645; &#x627;&#x644;&#x625;&#x62F;&#x627;&#x631;&#x629; &#x628;&#x62A;&#x646;&#x641;&#x64A;&#x630; &#x627;&#x644;&#x62D;&#x643;&#x645; &#x627;&#x644;&#x635;&#x627;&#x62F;&#x631;.</subfield>
  </datafield>
  <datafield tag="610" ind1="1" ind2="7">
    <subfield code="a"> &#x633;&#x648;&#x631;&#x64A;&#x627;.</subfield>
    <subfield code="b">&#x645;&#x62C;&#x644;&#x633; &#x627;&#x644;&#x62F;&#x648;&#x644;&#x629;.</subfield>
    <subfield code="2">BUEsh</subfield>
    <subfield code="9">41102</subfield>
  </datafield>
  <datafield tag="650" ind1=" " ind2="7">
    <subfield code="a">&#x642;&#x636;&#x627;&#x621; &#x627;&#x644;&#x625;&#x644;&#x63A;&#x627;&#x621;</subfield>
    <subfield code="z">&#x633;&#x648;&#x631;&#x64A;&#x627;.</subfield>
    <subfield code="2">BUEsh</subfield>
    <subfield code="9">41104</subfield>
  </datafield>
  <datafield tag="650" ind1=" " ind2="7">
    <subfield code="a">&#x627;&#x644;&#x625;&#x62C;&#x631;&#x627;&#x621;&#x627;&#x62A; &#x627;&#x644;&#x625;&#x62F;&#x627;&#x631;&#x64A;&#x629;</subfield>
    <subfield code="x">&#x642;&#x648;&#x627;&#x646;&#x64A;&#x646; &#x648;&#x62A;&#x634;&#x631;&#x64A;&#x639;&#x627;&#x62A; </subfield>
    <subfield code="z">&#x633;&#x648;&#x631;&#x64A;&#x627;.  </subfield>
    <subfield code="9">41105</subfield>
    <subfield code="2">BUEsh</subfield>
  </datafield>
  <datafield tag="651" ind1=" " ind2=" ">
    <subfield code="2">BUEsh</subfield>
  </datafield>
  <datafield tag="653" ind1=" " ind2=" ">
    <subfield code="b">LLAAWW</subfield>
    <subfield code="c">September2016</subfield>
  </datafield>
  <datafield tag="942" ind1=" " ind2=" ">
    <subfield code="2">ddc</subfield>
  </datafield>
  <datafield tag="952" ind1=" " ind2=" ">
    <subfield code="0">0</subfield>
    <subfield code="1">0</subfield>
    <subfield code="2">ddc</subfield>
    <subfield code="4">0</subfield>
    <subfield code="7">0</subfield>
    <subfield code="8">dar elfekr</subfield>
    <subfield code="a">MAIN</subfield>
    <subfield code="b">MAIN</subfield>
    <subfield code="c">1ST</subfield>
    <subfield code="d">2016-09-18</subfield>
    <subfield code="e">Purchase</subfield>
    <subfield code="g">128.00</subfield>
    <subfield code="h">15885</subfield>
    <subfield code="o">342.56910664 &#x631; &#x633; &#x644;</subfield>
    <subfield code="p">000033578</subfield>
    <subfield code="r">2025-07-15 00:00:00</subfield>
    <subfield code="s">2023-11-14</subfield>
    <subfield code="v">160.00</subfield>
    <subfield code="y">BB</subfield>
  </datafield>
  <datafield tag="952" ind1=" " ind2=" ">
    <subfield code="0">0</subfield>
    <subfield code="1">0</subfield>
    <subfield code="2">ddc</subfield>
    <subfield code="4">0</subfield>
    <subfield code="7">0</subfield>
    <subfield code="8">dar elfekr</subfield>
    <subfield code="a">MAIN</subfield>
    <subfield code="b">MAIN</subfield>
    <subfield code="c">1ST</subfield>
    <subfield code="d">2016-09-18</subfield>
    <subfield code="e">Purchase</subfield>
    <subfield code="g">128.00</subfield>
    <subfield code="h">15885</subfield>
    <subfield code="o">342.56910664 &#x631; &#x633; &#x644;</subfield>
    <subfield code="p">000033577</subfield>
    <subfield code="r">2025-11-30 00:00:00</subfield>
    <subfield code="s">2025-11-23</subfield>
    <subfield code="v">160.00</subfield>
    <subfield code="y">BB</subfield>
  </datafield>
</record>
